[Event "San Luis Betania op 3rd"]
[Site "San Luis"]
[Date "2019.02.01"]
[Round "2"]
[White "Casado, Andres"]
[Black "Quiroga, Facundo"]
[Result "0-1"]
[WhiteElo "2001"]
[BlackElo "2267"]
[PlyCount "78"]
[EventDate "2019.02.01"]
[EventType "swiss"]
[EventRounds "6"]
[EventCountry "ARG"]
[SourceTitle "EXT 2020"]
[Source "ChessBase"]
[SourceDate "2019.10.17"]
[SourceVersion "1"]
[SourceVersionDate "2019.10.17"]
[SourceQuality "1"]

1. c4 Nf6 2. Nc3 e6 3. d4 Bb4 4. e3 0-0 5. Nge2 d5 6. a3 Be7 7. cxd5 exd5 8. g3 a5 9. Bg2 Na6 10. 0-0 Re8 11. Nf4 c6 12. Re1 Bd6 13. e4 dxe4 14. Nxe4 Nxe4 15. Bxe4 Nc7 16. Bd2 g6 17. Qf3 a4 18. h4 Ne6 19. Nxe6 Bxe6 20. d5 Bxd5 21. Bxd5 Rxe1+ 22. Rxe1 cxd5 23. Qxd5 Bxa3 24. Qxb7 Rb8 25. Qxb8 Qxb8 26. bxa3 Qd8 27. Bb4 h6 28. Re3 g5 29. hxg5 hxg5 30. Be7 Qd5 31. Kh2 Kg7 32. Bb4 Kg6 33. Rc3 Qb5 34. Kg2 Qd5+ 35. Kg1 Kh5 36. Kh2 f5 37. f3 Qd2+ 38. Kh1 f4 39. gxf4 gxf4 0-1

[Event "ARG-ch sf 92nd"]
[Site "Buenos Aires"]
[Date "2017.07.10"]
[Round "1"]
[White "Casado, Andres"]
[Black "Villegas, Franco"]
[Result "0-1"]
[WhiteElo "1921"]
[BlackElo "2292"]
[PlyCount "63"]
[EventDate "2017.07.10"]
[EventType "swiss"]
[EventRounds "9"]
[EventCountry "ARG"]
[SourceTitle "EXT 2018"]
[Source "ChessBase"]
[SourceDate "2017.10.13"]
[SourceVersion "1"]
[SourceVersionDate "2017.10.13"]
[SourceQuality "1"]

1. e4 c5 2. Nf3 Nc6 3. Bb5 e6 4. 0-0 Nge7 5. Re1 Ng6 6. c3 a6 7. Bf1 Be7 8. d4 cxd4 9. cxd4 d5 10. e5 f6 11. h4 fxe5 12. h5 e4 13. hxg6 exf3 14. Qxf3 Bf6 15. gxh7 Kf7 16. Bd3 g6 17. Qg3 Ne7 18. Nc3 Rxh7 19. Bf4 Qh8 20. Kf1 Bxd4 21. Bd6 Nf5 22. Bxf5 gxf5 23. Rad1 Bd7 24. Ke2 Rg8 25. Qf3 Rh4 26. Bg3 Bxc3 27. Qxc3 Re4+ 28. Kd2 Qh6+ 29. f4 Rc4 30. Qf3 Qg7 31. Re3 Qxb2+ 32. Ke1 0-1

[Event "Mendoza-ch"]
[Site "Mendoza"]
[Date "2016.01.26"]
[Round "3"]
[White "Caruso, Tomas"]
[Black "Casado, Andres"]
[Result "1-0"]
[WhiteElo "1826"]
[BlackElo "1911"]
[PlyCount "84"]
[EventDate "2016.01.25"]
[EventType "swiss"]
[EventRounds "7"]
[EventCountry "ARG"]
[SourceTitle "EXT 2017"]
[Source "ChessBase"]
[SourceDate "2016.10.25"]
[SourceVersion "1"]
[SourceVersionDate "2016.10.25"]
[SourceQuality "1"]

1. d4 Nf6 2. c4 g6 3. Nc3 Bg7 4. Nf3 0-0 5. e4 d6 6. Be2 e5 7. 0-0 Nc6 8. d5 Ne7 9. Ne1 c5 10. Nd3 b6 11. f4 exf4 12. Bxf4 Ne8 13. e5 Nf5 14. Qd2 Nd4 15. Rae1 Bf5 16. Bd1 a6 17. a4 Bxd3 18. Qxd3 Rb8 19. exd6 g5 20. Bg3 Nxd6 21. Ne4 Nxe4 22. Bxb8 Nd6 23. Bxd6 Qxd6 24. Bc2 Nxc2 25. Qxc2 Be5 26. Rf5 f6 27. Kh1 b5 28. b3 bxc4 29. bxc4 Rb8 30. Rexe5 fxe5 31. Rxg5+ Kh8 32. Qe4 Re8 33. Rh5 Qe7 34. d6 Qf7 35. Rf5 Qg6 36. d7 Rd8 37. Qxe5+ Qg7 38. Qe8+ Qg8 39. Qxg8+ Kxg8 40. Rxc5 Rxd7 41. h3 Rd4 42. a5 Kf7 1-0

[Event "ARG-ch U16"]
[Site "La Falda"]
[Date "2015.05.01"]
[Round "6"]
[White "Casado, Andres"]
[Black "Tomas Falcon, Jesus"]
[Result "0-1"]
[WhiteElo "1909"]
[BlackElo "2144"]
[PlyCount "102"]
[EventDate "2015.04.29"]
[EventType "tourn"]
[EventRounds "9"]
[EventCountry "ARG"]
[SourceTitle "CBM 166 Extra"]
[Source "ChessBase"]
[SourceDate "2015.06.18"]
[SourceVersion "1"]
[SourceVersionDate "2015.06.18"]
[SourceQuality "1"]

1. d4 Nf6 2. c4 g6 3. Nc3 Bg7 4. e4 d6 5. Be2 0-0 6. Bg5 c6 7. Qd2 a6 8. a4 a5 9. Nf3 Nbd7 10. h4 h5 11. Nh2 c5 12. d5 Ne5 13. 0-0-0 Qb6 14. Bf4 Qb4 15. Bxe5 dxe5 16. Rhg1 b5 17. axb5 a4 18. f3 a3 19. bxa3 Rxa3 20. Nb1 Bh6 21. Qxh6 Ra1 22. Kc2 Ra2+ 23. Kd3 Qb3+ 24. Nc3 Qc2+ 25. Ke3 Qxc3+ 26. Kf2 Qxc4 27. Rd2 Rxd2 28. Qxd2 Qa4 29. Rc1 Nd7 30. g4 hxg4 31. Nxg4 Qd4+ 32. Qxd4 exd4 33. Bc4 Kg7 34. Kg3 f5 35. Nf2 Bb7 36. Nd3 Rc8 37. Ba2 Kf6 38. Kf4 Ra8 39. Bc4 Rh8 40. Rh1 Rh5 41. e5+ Kg7 42. e6 Nb6 43. Nxc5 Nxc4 44. Nxb7 d3 45. Nc5 d2 46. Rd1 Rxh4+ 47. Kg3 Rd4 48. b6 f4+ 49. Kf2 Ne3 50. Na6 Nxd1+ 51. Ke2 Nc3+ 0-1

[Event "ARG-ch U16"]
[Site "La Falda"]
[Date "2015.04.30"]
[Round "4"]
[White "Casado, Andres"]
[Black "Salvatierra, Francisco"]
[Result "1-0"]
[WhiteElo "1909"]
[BlackElo "1543"]
[PlyCount "79"]
[EventDate "2015.04.29"]
[EventType "tourn"]
[EventRounds "9"]
[EventCountry "ARG"]
[SourceTitle "CBM 166 Extra"]
[Source "ChessBase"]
[SourceDate "2015.06.18"]
[SourceVersion "1"]
[SourceVersionDate "2015.06.18"]
[SourceQuality "1"]

1. d4 Nf6 2. c4 g6 3. Nc3 Bg7 4. e4 d6 5. Be2 0-0 6. Bg5 e5 7. Nf3 h6 8. Bh4 Nc6 9. d5 Ne7 10. Qd2 Nd7 11. g4 a5 12. 0-0-0 Nc5 13. Ne1 g5 14. Bg3 Ng6 15. Ng2 Nf4 16. Ne3 a4 17. h4 a3 18. b3 c6 19. hxg5 hxg5 20. Nf5 Bxf5 21. gxf5 Qa5 22. Bf3 Nfd3+ 23. Kc2 f6 24. Be2 Nb4+ 25. Kb1 Rfd8 26. Rh5 Rd7 27. Rdh1 Kf7 28. Rh7 Rg8 29. Bh5+ Ke7 30. f3 Kd8 31. Bf2 Ncd3 32. dxc6 bxc6 33. Be3 Bf8 34. Rxd7+ Kxd7 35. Bf7 Rg7 36. Be6+ Ke8 37. Na4 Nc5 38. Nxc5 dxc5 39. Rh8 Qa7 40. Qd6 1-0